Sistema de espacios públicos abiertos del Barrio José Isaías Gómez, Distrito V, Managua
Presenta una propuesta técnica a las interrogantes que surgen de esta problemática tanto para el barrio especifico como para el resto de la ciudad, de igual forma presenta un diagnóstico pormenorizado de la situación en que se encuentra el barrio José Isaías Gómez.
| Main Authors: | , |
|---|---|
| Other Authors: | |
| Format: | Tesis Section = Libro |
| Language: | Undetermined Spanish |
| Published: |
Managua
UNI
2008
|
| Subjects: |
| LEADER | 01096nam a2200265Ia 4500 | ||
|---|---|---|---|
| 008 | 240830s9999 xx 000 0 und d | ||
| 040 | |a BIBLIOTECA-RUSB/ Mon 711.55 S456 | ||
| 041 | |a spa | ||
| 082 | |a Mon 711.55 S456 | ||
| 100 | 1 | |a Segura Guevara, Arlen Yahoska | |
| 100 | 1 | |b Chong Valle, Carmen | |
| 245 | 1 | 0 | |a Sistema de espacios públicos abiertos del Barrio José Isaías Gómez, Distrito V, Managua |
| 260 | |a Managua |b UNI |c 2008 | ||
| 300 | |a 112 p. :il. | ||
| 500 | |a Contiene: anexos. | ||
| 502 | |a Tesis (Arquitecto) - UNI, 2008. | ||
| 520 | 3 | |a Presenta una propuesta técnica a las interrogantes que surgen de esta problemática tanto para el barrio especifico como para el resto de la ciudad, de igual forma presenta un diagnóstico pormenorizado de la situación en que se encuentra el barrio José Isaías Gómez. | |
| 650 | 7 | |a ESPACIOS PUBLICOS-MANAGUA | |
| 650 | 7 | |b URBANISMO | |
| 650 | 7 | |c ESPACIOS PUBLICOS ABIERTOS | |
| 650 | 7 | |d EDIFICIOS-EMPLAZAMIENTO | |
| 700 | 1 | |a Tutor: |b Reyes García, María Auxiliador | |
| 942 | |c BK |2 ddc | ||
| 991 | |a TESIS | ||
| 999 | |c 21015 | ||